| 000 | 00400cam a2200181 4500 | ||
|---|---|---|---|
| 001 | D12954 | ||
| 008 | 090401t1965 xxu||||| |||| 00| 0 eng d | ||
| 035 | _a(Sirsi) u6826 | ||
| 041 | _aeng | ||
| 100 | _aHiggins, Arthur Lovat | ||
| 245 | _aElementary surveying | ||
| 250 | _a2nd | ||
| 260 |
_aLondon _bLongmans _c1965 |
||
| 350 | _a0 | ||
| 520 | _aShelf 116 | ||
| 942 | _n0 | ||
| 948 | _c04/03/1997 | ||
| 999 |
_c86355 _d86355 |
||